| 000 | 00796nam a22002297a 4500 | ||
|---|---|---|---|
| 005 | 20220808085743.0 | ||
| 008 | 220708s2021 sp ||||| |||| 00| 0 spa d | ||
| 020 | _a9788413972916 | ||
| 040 |
_aCO-BoUCM _bspa _cDeissy Garcia _dJose A. Gerena |
||
| 041 | _aspa | ||
| 100 | 1 |
_aBrito Lousano, Débora de _9175180 |
|
| 245 |
_aCorrupción y fraude en contrataciones públicas de Brasil _cDébora de Brito Lousano |
||
| 260 |
_aValencia, España _bTirant lo blanch _c2021 |
||
| 300 | _a178 páginas | ||
| 504 | _aIncluye referencias bibliográficas | ||
| 650 | 7 |
_911818 _aContratos |
|
| 650 | 7 |
_9355 _aAdministración pública |
|
| 650 | 7 |
_912024 _aCorrupción |
|
| 651 | 7 |
_926823 _aBrasil |
|
| 942 |
_2DEWEY _a6 _cLIBRO _e1 _h350.711981 _mB862 _n0 |
||
| 999 |
_c321412 _d321412 |
||